000 00580nam a2200229Ia 4500
003 OSt
005 20220924132052.0
006 a|||||r|||| 00| 0
007 ta
008 220923b |||||||| |||| 00| 0 san d
024 _a995
037 _cTextual
040 _aARTS
_cARTS
_bsan
041 _2san
_asan
082 _aQ23:22xD6RA:1, 15E8.1-.2
100 _aRavisena
245 0 _aPadma charitam ed by Darbarilal
260 _c1918
650 _aRELIGION
942 _hQ23:22xD6RA:1, 15E8.1-.2
_cTEXL
_2CC
999 _c429117
_d429117